| 000 | 00742nam a2200217 a 4500 | ||
|---|---|---|---|
| 001 | 69129 | ||
| 003 | BD-RjUL | ||
| 005 | 20211209081843.0 | ||
| 008 | 170410s1981 bg a|||| |||| 000 0 ben d | ||
| 035 | _a(BD-RjUL)69340 | ||
| 040 |
_aBD-RjUL _bben _cBD-RjUL |
||
| 041 | _aben | ||
| 082 |
_223 _a372.35 _bALA 1981 |
||
| 100 | 1 |
_aআল-মূতী ,আবদুল্লাহ. _9204790 |
|
| 245 | 1 | 0 |
_aএ যুগের বিজ্ঞান / _cআবদুল্লাহ আল-মূতী |
| 260 |
_aঢাকা : _bমুক্তধারা, _c১৯৮১. |
||
| 300 |
_a১৬৮ পৃ. : _bচিত্র ; _c২২ সে.মি. |
||
| 650 |
_aবিজ্ঞান _9204791 |
||
| 650 |
_aScience. _9204792 |
||
| 942 |
_2ddc _cBK |
||
| 999 |
_c69129 _d69129 |
||